Footballeurs par image - France - Statistiques

Statistiques générales
  • Ce quiz a été pris 665 fois
  • Le résultat moyen est 12 sur 16
Statistiques - réponses
Par images Réponse % Correct
Kylian Mbappé
100%
Antoine Griezmann
99%
Zinedine Zidane
99%
Paul Pogba
98%
Thierry Henry
94%
Michel Platini
81%
Emmanuel Petit
79%
Fabien Barthez
77%
Patrice Evra
77%
Lilian Thuram
74%
Claude Makélélé
72%
Eric Cantona
72%
André-Pierre Gignac
68%
Jean-Pierre Papin
54%
Just Fontaine
51%
Franck Jurietti
5%
Aucun quiz correspondant
Distribution des résultats
% des personnes avec chaque résultat
Percentile par nombre de réponses
Votre historique - résultats
Vous n’avez pas pris ce quiz